000
00206 a2200097 4500
001
6991
100
_a
Dogar, T.M
245
_a
Standard general knowledge
260
_a
_b
Dogar Sons
_c
090
_c
5774
_d
5774
942
_a
NUST-CAE
_c
M
_c
32238
999
_c
242064
_d
242064